[Event "GRE-ch U20"]
[Site "Trikala"]
[Date "2021.08.23"]
[Round "1"]
[White "Magalakis, Stefanos"]
[Black "Gkiokas, Charisis"]
[Result "1-0"]
[WhiteElo "2030"]
[BlackElo "1414"]
[PlyCount "107"]
[EventDate "2021.08.23"]
[EventType "swiss"]
[EventRounds "9"]
[EventCountry "GRE"]
[SourceTitle "EXT 2022"]
[Source "ChessBase"]
[SourceDate "2021.10.06"]
[SourceVersion "1"]
[SourceVersionDate "2021.10.06"]
[SourceQuality "1"]

1. c4 Nf6 2. g3 g6 3. Bg2 Bg7 4. Nc3 0-0 5. e4 d6 6. Nge2 Nc6 7. 0-0 e5 8. d3 Ne8 9. f4 f5 10. fxe5 dxe5 11. Be3 Nf6 12. Nd5 Ne7 13. Bc5 Rf7 14. Nxe7+ Rxe7 15. Bxe7 Qxe7 16. h3 fxe4 17. dxe4 Be6 18. b3 Rd8 19. Qe1 Ne8 20. Rd1 Rc8 21. Qf2 b6 22. Nc3 c6 23. Kh2 Bh6 24. Rd3 Bd7 25. Qe2 Nc7 26. Rfd1 Be8 27. Qg4 Ne6 28. Rd6 Bf7 29. Rd7 Qe8 30. Ne2 Be3 31. R7d3 Bc5 32. h4 g5 33. Bh3 h5 34. Qf5 g4 35. Bg2 Ng7 36. Qxc8 Qxc8 37. Rd8+ Qxd8 38. Rxd8+ Be8 39. Nc1 Kf8 40. Nd3 Ke7 41. Ra8 Bd4 42. Rxa7+ Bd7 43. Ra8 Ne8 44. a4 Nc7 45. Rh8 Be8 46. Rh7+ Bf7 47. Nb4 Kf6 48. Nxc6 Kg6 49. Rh8 Ne8 50. Nxd4 exd4 51. e5 Kg7 52. e6 Bg8 53. Rxh5 Bf7 54. Rh8 1-0